Pokémon - Champions d'Arène - Kiméra (D/P/Pt) - Statistiques

Statistiques générales
  • Ce quiz a été pris 41 fois
  • Le résultat moyen est 78 sur 100
Statistiques - réponses
Hint Réponse % Correct
Type Spectre
100%
Capacités Ball'Ombre
96%
| Grodrive
96%
Type Vol
96%
| Ectoplasma
92%
| Magirêve
92%
Type Poison
92%
Ville Unionpolis
92%
Niv 34
88%
Niv 36
88%
Talent Boom Final
88%
Capacités Psyko
88%
Spectrum
88%
Niv 24
84%
Niv 32
84%
Branette
84%
Capacités Feu Follet
84%
Talent Lévitation
84%
Noctunoir
84%
Niv 26
80%
Niv 61
80%
Niv 62
80%
Niv 63
80%
CT | Capacités Griffe Ombre
80%
Skelénox
80%
Capacités Exploforce
76%
Badge Fantôme
76%
Capacités Tonnerre
76%
Niv 65
72%
Objet Baie Sitrus
72%
Capacités Feuille Magik
72%
Capacités Poing-Ombre
72%
Capacités Vent Mauvais
72%
Capacités Dépit
68%
Capacités Fatal-Foudre
68%
Capacités Hypnose
68%
Capacités Rafale Psy
68%
Capacités Étonnement
64%
Capacités Onde Folie
64%
Capacités Coup Bas
56%
Capacités Poursuite
56%
Capacités Vent Argenté
56%
Capacités Éboulement
52%
Talent Pression
52%
Capacités Feinte
48%
Capacités Abri
44%
Capacités Tornade
44%
Capacités Ombre Portée
40%
Capacités Direct Toxik
32%
Capacités Lilliput
32%
Capacités Reflet
32%
Capacités Relais
32%
Talent Insomnia
24%
Capacités Prescience
4%
Aucun quiz correspondant
Distribution des résultats
% des personnes avec chaque résultat
Percentile par nombre de réponses
Votre historique - résultats
Vous n’avez pas pris ce quiz